| 000 | 00835nam a2200313Ia 4500 | ||
|---|---|---|---|
| 005 | 20260121124414.0 | ||
| 008 | 008 260114s9999 xx 000 0 eng d | ||
| 020 | _a9780520909076 | ||
| 037 | _aEBOOK | ||
| 040 | _aCRL | ||
| 040 | _beng | ||
| 040 | _cCRL | ||
| 041 | _2eng | ||
| 041 | _aeng | ||
| 084 | _qCRL | ||
| 100 |
_aPratt, Mary Louise _9975448 |
||
| 245 | 0 | _aWomen, Culture, and Politics in Latin America | |
| 260 | _bUniversity of California Press | ||
| 260 | _bWalter de Gruyter | ||
| 260 | _c1990 | ||
| 700 |
_a Masiello, Francine _9975449 |
||
| 700 |
_a Miller, Francesca _9975450 |
||
| 700 |
_a Morello-Frosch, Marta _9975451 |
||
| 700 |
_a Newman, Kathleen _9975452 |
||
| 856 | _uhttp://www.degruyter.com/isbn/9780520909076 | ||
| 942 | _cEBOOK | ||
| 999 |
_c1554336 _d1554336 |
||